Constitución, servicios públicos y emergencia (Registro nro. 3356)
[ vista simple ]
| 000 -LEADER | |
|---|---|
| fixed length control field | 01234 a2200229 4500 |
| 001 - CONTROL NUMBER | |
| control field | 41088 |
| 005 - DATE AND TIME OF LATEST TRANSACTION | |
| control field | 20260407155704.0 |
| 008 - FIXED-LENGTH DATA ELEMENTS--GENERAL INFORMATION | |
| fixed length control field | 260407a2009 arg spa d |
| 003 - CONTROL NUMBER IDENTIFIER | |
| control field | AR-UNSa-BCEJYS |
| 040 ## - CATALOGING SOURCE | |
| Original cataloging agency | AR-UNSa-BCEJYS |
| Language of cataloging | spa |
| Transcribing agency | AR-UNSa-BCEJYS |
| 080 ## - UNIVERSAL DECIMAL CLASSIFICATION NUMBER | |
| Universal Decimal Classification number | 351.824.11 |
| Common auxiliary subdivision | Servicios públicos (producción de luz, calor, energía mecánica. Industria eléctrica. Industria del gas) |
| 020 ## - INTERNATIONAL STANDARD BOOK NUMBER | |
| International Standard Book Number | 978-950-894-763-5 |
| 041 ## - LANGUAGE CODE | |
| Language code of text/sound track or separate title | spa |
| 100 1# - MAIN ENTRY--PERSONAL NAME | |
| Personal name | Galina, Carlos |
| 245 10 - TITLE STATEMENT | |
| Title | Constitución, servicios públicos y emergencia |
| 264 #1 - PRODUCTION, PUBLICATION, DISTRIBUTION, MANUFACTURE, AND COPYRIGHT NOTICE | |
| Place of production, publication, distribution, manufacture | Buenos Aires : |
| Name of producer, publisher, distributor, manufacturer | AD-HOC |
| Date of production, publication, distribution, manufacture, or copyright notice | 2009 |
| 300 ## - PHYSICAL DESCRIPTION | |
| Extent | 250 p. |
| Dimensions | 20 cm. |
| 505 ## - FORMATTED CONTENTS NOTE | |
| Formatted contents note | 1. Introducción - 2. ¿Por qué Orestes? - 3. La crisis de la representación social - 4. El caso "Prodelco" y las deudas constitucionales impagas - 5. La emergencia permanente - 6. La dudosa emergencia en los servicios públicos - 7. De cómo la emergencia generó la crisis terminal en la prestación de los servicios públicos - 8. La errática búsqueda de una alternativa - 9. El caso "Massa". Una alternativa - 10. Conclusiones - 11. Colofón |
| 590 ## - LOCAL NOTE (RLIN) | |
| Local note | niveau_biblio:m niveau_hierar:0 |
| 856 41 - ELECTRONIC LOCATION AND ACCESS | |
| Uniform Resource Identifier | <a href="https://biblioeco.unsa.edu.ar/pmb/images/libros/L126355.jpg">https://biblioeco.unsa.edu.ar/pmb/images/libros/L126355.jpg</a> |
| Link text | Imagen de portada |
| Electronic format type | image/jpeg |
| 942 ## - ADDED ENTRY ELEMENTS (KOHA) | |
| Koha item type | |
| Withdrawn status | Lost status | Damaged status | Not for loan | Home library | Current library | Shelving location | Date acquired | Total checkouts | Full call number | Barcode | Date last seen | Price effective from | Koha item type |
|---|---|---|---|---|---|---|---|---|---|---|---|---|---|
| Biblioteca Prof. Eusebio Cleto del Rey | Biblioteca Prof. Eusebio Cleto del Rey | 07/04/2026 | 351.824.11 G156 | L126355 | 07/04/2026 | 07/04/2026 | Libro |